000 01304nam a2200241Ia 4500
999 _c50349
_d50349
001 17290
003 GE_BSU
005 20200212121055.0
008 181216s2003 xx |||||||||||||| ||geo||
020 _a 9994016148
040 _cGE_BSU
041 _ageo
080 _a321.01(5-011) გ-23
100 _aგაჩეჩილაძე, რევაზ.
_96988
245 _aახლო აღმოსავლეთი:
_bსივრცე, ხალხი და პოლიტიკა /
_cრევაზ გაჩეჩილაძე ; რედ. მარინე სოხაძე.
250 _a1-ლი გამოცემა.
264 _aთბილისი :
_bდიოგენე,
_c2003.
300 _a407გვ.:
_c 20 სმ.
653 _aახლო აღმოსავლეთის გეოპოლიტიკა; ახლო აღმოსავლეთის ბუნებრივი რესურსები; ახლო აღმოსავლეთის პოლიტიკური გეოგრაფია; ახლო აღმოსავლეთის ისტორია;
653 _aპოლიტიკა
700 _aსოხაძე, მარინე
_eრედაქტორი
_96989
942 _cBK
_2udc